Geometric constructions

Αποθηκεύτηκε σε:
Λεπτομέρειες βιβλιογραφικής εγγραφής
Κύριος συγγραφέας: Martin, George Edward 1932-
Μορφή: Βιβλίο
Γλώσσα:English
Δημοσίευση: New York ; Berlin : Springer, c1998
Σειρά:Undergraduate texts in mathematics
Θέματα:
Ετικέτες: Προσθήκη ετικέτας
Δεν υπάρχουν, Καταχωρήστε ετικέτα πρώτοι!

MARC

LEADER 00000nam a2200000 i 4500
001 1/90812
008 991001s1999 eng d
020 |a 0387982760 
035 |l 10053279 
040 |a GR-MY-UA  |b gre  |e aacr 
041 0 |a eng 
082 0 |a 516 
100 1 |a Martin, George Edward  |d 1932- 
245 1 0 |a Geometric constructions /  |c George E. Martin 
260 |a New York ; Berlin :   |b Springer,   |c c1998 
300 |a xi, 203 p.;  |b ill.;  |c 24 cm. 
490 1 |a Undergraduate texts in mathematics 
500 |a Includes bibliographical references and index 
650 0 0 |a Geometrical constructions. 
830 0 |a Undergraduate texts in mathematics 
852 |a INST  |b SAMOS  |e 19991001  |h 516 MAR  |p 005300017063  |q 005300017063  |t BK  |y 0 
901 |a BIBL3-1999-3 
909 |a Σ  |b 067288 
922 |a 3ΕΛΗ  |b 199909  |c ΕΠΕΑΕΚ/ΜΑΘ  |d ΠΑΠΑΣΩΤΗΡΙΟΥ 
970 |a ΓΕΝΟΥΖΟΥ  |b ΧΡΥΣΑΝΘΗ  |z 1999/10/01